Filozofický časopis

Enregistré dans:
Détails bibliographiques
Format: Publication en série
Langue:slovaque
Publié: Praha ACADEMIA 1987
Tags: Ajouter un tag
Pas de tags, Soyez le premier à ajouter un tag!

MARC

LEADER 00000nas2a2200000 4500
001 s024175
005 20250730114131.9
041 0 |a slo 
044 |a CZ 
245 1 0 |a Filozofický časopis 
264 1 |a Praha  |b ACADEMIA  |c 1987 
300 |a 1 zv. 
773 0 |w eu_un_cat*s120690